[Event "Mondiale Lampo FIDE 2022"]
[Site "Alma Ata"]
[Date "30.12.2022"]
[Round "16.10"]
[White "Indjic, Aleksandar"]
[Black "Caruana, Fabiano"]
[Result "0-1"]
[WhiteTitle ""]
[BlackTitle ""]
[WhiteElo "2636"]
[BlackElo "2766"]
[WhiteFideId "911925"]
[BlackFideId "2020009"]
[EventDate "29.12.2022"]

1. d4 Nf6 2. c4 e6 3. Nc3 Bb4 4. Qc2 O-O 5. Nf3 d5 6. Bg5 h6 7. Bxf6 Qxf6 8. a3
Bxc3+ 9. Qxc3 dxc4 10. Qxc4 Bd7 11. e3 Rc8 12. Qc5 Bc6 13. Ne5 Bd5 14. f3 b6 15.
Qc3 c5 16. b4 Nc6 17. Ng4 Qh4+ 18. g3 Qg5 19. e4 Bxe4 20. dxc5 bxc5 21. bxc5 h5
22. h4 Qf5 23. Nh2 Ne5 24. Be2 Bd3 25. Rc1 Rab8 26. Kf2 Bxe2 27. Kxe2 Rxc5 28.
Qxc5 Rb2+ 29. Kf1 Qh3+ 30. Ke1 Nd3+ 31. Kd1 Nxc5 0-1

[Event "Mondiale Lampo FIDE 2022"]
[Site "Alma Ata"]
[Date "30.12.2022"]
[Round "16.12"]
[White "Sarana, Alexey"]
[Black "Sadhwani, Raunak"]
[Result "1-0"]
[WhiteTitle ""]
[BlackTitle ""]
[WhiteElo "2668"]
[BlackElo "2627"]
[WhiteFideId "24133795"]
[BlackFideId "35093487"]
[EventDate "29.12.2022"]

1. c4 e5 2. Nc3 Nf6 3. Nf3 Nc6 4. g3 Bb4 5. Nd5 e4 6. Nh4 O-O 7. Bg2 Re8 8. O-O
d6 9. b3 Bc5 10. Bb2 Bd4 11. Bxd4 Nxd4 12. e3 Nf5 13. Nxf5 Bxf5 14. f3 Nxd5 15.
cxd5 Qd7 16. fxe4 Bxe4 17. Bxe4 Rxe4 18. Qc2 Rae8 19. Rac1 R8e7 20. Qd3 h5 21.
Rc4 Rxc4 22. Qxc4 g6 23. Rf4 Re5 24. Re4 Rxe4 25. Qxe4 Qb5 26. Qc4 Qa5 27. b4
Qb6 28. Kf2 c6 29. dxc6 bxc6 30. a4 Qb7 31. h4 Qd7 32. Qd4 Qf5+ 33. Ke2 Qd7 34.
a5 c5 35. bxc5 Qb5+ 36. Kf2 dxc5 37. Qd8+ Kg7 38. Qc7 a6 39. Qb6 Qd3 40. Ke1 Qc4
41. Qb2+ Kg8 42. Qb8+ Kg7 43. Qe5+ Kg8 44. Kf2 Qb4 45. Qc3 Qb5 46. e4 Qd7 47.
Ke3 Qd6 48. Kf3 Kf8 49. d3 Ke7 50. Qc4 Qf6+ 51. Ke3 Qd6 52. Kf3 Qf6+ 53. Ke2 Qd6
54. Kd2 Ke8 55. Kc2 Kf8 56. Kb3 Kg7 57. Kc2 f6 58. Kb3 g5 59. Kc2 Qxg3 60. Qxc5
gxh4 61. Qe7+ Kg6 62. Qe6 h3 63. Qg8+ 1-0

[Event "Mondiale Lampo FIDE 2022"]
[Site "Alma Ata"]
[Date "30.12.2022"]
[Round "16.13"]
[White "Sanal, Vahap"]
[Black "Matlakov, Maxim"]
[Result "1/2-1/2"]
[WhiteTitle ""]
[BlackTitle ""]
[WhiteElo "2597"]
[BlackElo "2662"]
[WhiteFideId "6300545"]
[BlackFideId "4168003"]
[EventDate "29.12.2022"]

1. e4 e5 2. Nc3 Nf6 3. Bc4 Nc6 4. d3 Bb4 5. Ne2 d5 6. exd5 Nxd5 7. O-O Be6 8.
Bd2 O-O 9. a3 Be7 10. Bxd5 Bxd5 11. f4 f5 12. fxe5 Nxe5 13. Nxd5 Qxd5 14. Kh1
Rae8 15. Nf4 Qd7 16. Bc3 Bd6 17. h3 c6 18. Qd2 Re7 19. b3 Rfe8 20. Rf2 g6 21. a4
Nf7 22. Raf1 Be5 23. Bb4 Bd6 24. Bc3 Be5 25. Bb4 Bd6 26. Bc3 Be5 27. Bb4 Bd6 28.
Bc3 Be5 29. Bb4 Bd6 1/2-1/2

[Event "Mondiale Lampo FIDE 2022"]
[Site "Alma Ata"]
[Date "30.12.2022"]
[Round "16.14"]
[White "Kobalia, Mikhail"]
[Black "Madaminov, Mukhiddin"]
[Result "0-1"]
[WhiteTitle ""]
[BlackTitle ""]
[WhiteElo "2577"]
[BlackElo "2438"]
[WhiteFideId "4119150"]
[BlackFideId "14210703"]
[EventDate "29.12.2022"]

1. e4 e5 2. Nf3 Nc6 3. Bb5 a6 4. Ba4 Nf6 5. O-O Nxe4 6. d4 b5 7. Bb3 d5 8. dxe5
Be6 9. Nbd2 Be7 10. c3 O-O 11. Bc2 f5 12. exf6 Nxf6 13. a4 b4 14. Nb3 Qd7 15. h3
bxc3 16. bxc3 Bd6 17. Ng5 Bf5 18. Bxf5 Qxf5 19. Nd4 Nxd4 20. cxd4 Rab8 21. Ba3
Qxg5 22. Bxd6 cxd6 23. Qd3 Rb6 24. Rab1 Rfb8 25. Rxb6 Rxb6 26. a5 Rb5 27. Qc2
Qg6 28. Qc8+ Qe8 29. Qxa6 Qb8 30. Ra1 h6 31. Qc6 Rb7 32. a6 Ra7 33. Ra5 Kh7 34.
Rb5 Qc7 35. Qxc7 Rxc7 36. Rb7 Rc1+ 37. Kh2 Ra1 38. a7 Ne4 39. f3 Nc3 40. Rb3 Ne2
41. Rb5 Rxa7 42. Rxd5 Ra6 43. h4 Kg6 44. h5+ Kf6 45. g4 Ke6 46. Rb5 Nxd4 47. Rb7
Kf6 48. f4 Ra2+ 49. Kg3 Ra3+ 50. Kg2 Ne6 51. Rb4 Rd3 52. f5 Rd4 53. Rb8 Rxg4+ 0-1

[Event "Mondiale Lampo FIDE 2022"]
[Site "Alma Ata"]
[Date "30.12.2022"]
[Round "16.15"]
[White "Mamedyarov, Shakhriyar"]
[Black "Shankland, Sam"]
[Result "0-1"]
[WhiteTitle ""]
[BlackTitle ""]
[WhiteElo "2740"]
[BlackElo "2710"]
[WhiteFideId "13401319"]
[BlackFideId "2004887"]
[EventDate "29.12.2022"]

1. d4 d5 2. c4 e6 3. Nc3 Nf6 4. Bg5 dxc4 5. e3 c5 6. Bxf6 Qxf6 7. d5 g6 8. Bxc4
Bg7 9. Qa4+ Bd7 10. Qb3 O-O 11. Qxb7 exd5 12. Nxd5 Qh4 13. Rc1 Nc6 14. Qxd7 Ne5
15. Qh3 Qd8 16. b3 Qa5+ 17. Kf1 Qxa2 18. Ne2 Rad8 19. f4 Rxd5 20. fxe5 Rxe5 21.
g4 Rfe8 22. Rc3 Re4 23. Rd3 Rxc4 24. bxc4 Qb1+ 0-1

[Event "Mondiale Lampo FIDE 2022"]
[Site "Alma Ata"]
[Date "30.12.2022"]
[Round "16.16"]
[White "Nihal, Sarin"]
[Black "Ponkratov, Pavel"]
[Result "1-0"]
[WhiteTitle ""]
[BlackTitle ""]
[WhiteElo "2670"]
[BlackElo "2577"]
[WhiteFideId "25092340"]
[BlackFideId "4157800"]
[EventDate "29.12.2022"]

1. d4 Nf6 2. Nf3 c5 3. c3 e6 4. Bf4 Nc6 5. e3 Nh5 6. Bg3 Nxg3 7. hxg3 d5 8. Nbd2
Qb6 9. Qc2 h6 10. Bd3 Bd7 11. O-O Rc8 12. a3 Be7 13. dxc5 Bxc5 14. b4 Be7 15. c4
O-O 16. Rfd1 Rfd8 17. Rac1 Be8 18. Qb1 a6 19. cxd5 Rxd5 20. Bh7+ Kh8 21. Be4
Rdd8 22. Nb3 Rxd1+ 23. Rxd1 Rd8 24. Rxd8 Qxd8 25. Qc2 Kg8 26. Nfd2 Qb6 27. Nc4
Qb5 28. Nca5 Nxa5 29. Nxa5 b6 30. Bc6 Bxc6 31. Nxc6 Bf8 32. Nd4 Qd5 33. g4 a5
34. bxa5 Qxa5 35. a4 Bc5 36. Nf3 g6 37. g3 Qb4 38. g5 h5 39. Kg2 Qg4 40. a5 Qb4
41. a6 Qa5 42. Qc4 Bf8 43. Qc8 b5 44. Qb7 Bc5 45. Ne5 1-0

[Event "Mondiale Lampo FIDE 2022"]
[Site "Alma Ata"]
[Date "30.12.2022"]
[Round "16.17"]
[White "Shimanov, Aleksandr"]
[Black "Vidit, Santosh Gujrathi"]
[Result "1-0"]
[WhiteTitle ""]
[BlackTitle ""]
[WhiteElo "2581"]
[BlackElo "2730"]
[WhiteFideId "4198603"]
[BlackFideId "5029465"]
[EventDate "29.12.2022"]

1. d4 Nf6 2. Bg5 d5 3. Nd2 c5 4. dxc5 e6 5. e4 Bxc5 6. Qe2 dxe4 7. Nxe4 Be7 8.
Nxf6+ Bxf6 9. Bxf6 gxf6 10. Qe3 Nc6 11. c3 Qa5 12. Nf3 Bd7 13. Be2 O-O-O 14. O-O
Ne7 15. Nd4 Qe5 16. Nc2 Qxe3 17. Nxe3 Ba4 18. b3 Bc6 19. Rad1 f5 20. Bh5 Ng6 21.
g3 Kc7 22. f4 Be4 23. Kf2 f6 24. c4 a5 25. Rxd8 Rxd8 26. Rd1 Ra8 27. Rd2 Nf8 28.
Nd1 Nd7 29. Nc3 Bc6 30. Ke3 Nc5 31. Bd1 Re8 32. Bc2 h5 33. h4 Rg8 34. Kf2 Ne4+
35. Bxe4 fxe4 36. Nd1 f5 37. Ne3 Kb6 38. Rd6 Re8 39. a3 Kc5 40. Rd2 Rb8 41. Ke2
Rg8 42. Kf2 Rg7 43. Rd1 Rg8 44. Rd2 Rg7 45. Rd8 Rd7 46. Rxd7 Bxd7 47. Ke2 a4 48.
b4+ Kd4 49. Kd2 Be8 50. c5 Bd7 51. Nd1 Kc4 52. Kc2 Be8 53. Ne3+ Kd4 54. Kd2 Bb5
55. Nd1 Bd3 56. Ne3 Ba6 57. Nd1 Bb5 58. Ne3 Be8 59. Nd1 Kc4 60. Kc2 Bb5 61. Ne3+
Kd4 62. Kd2 Bd3 63. Nd1 Bc4 64. Ne3 Bb3 65. Nf1 Bd5 66. Ne3 Bc6 67. Nd1 Be8 68.
Ne3 Bd7 69. Nd1 e5 70. Ne3 exf4 71. gxf4 Be6 72. Nd1 e3+ 73. Nxe3 Ke4 74. b5
Kxf4 75. b6 Bd7 76. Nc4 Ke4 77. Nd6+ Kd5 78. Nxb7 Bc6 79. Na5 Kxc5 80. b7 Bxb7
81. Nxb7+ Kd5 82. Ke3 Kc4 83. Kf4 Kb3 84. Nc5+ Kxa3 85. Kxf5 Kb4 86. Nxa4 Kxa4
87. Kg5 Kb5 88. Kxh5 Kc6 89. Kg6 Kd7 90. h5 1-0

[Event "Mondiale Lampo FIDE 2022"]
[Site "Alma Ata"]
[Date "30.12.2022"]
[Round "16.18"]
[White "Abdusattorov, Nodirbek"]
[Black "Aravindh, Chithambaram VR."]
[Result "1-0"]
[WhiteTitle ""]
[BlackTitle ""]
[WhiteElo "2713"]
[BlackElo "2607"]
[WhiteFideId "14204118"]
[BlackFideId "5072786"]
[EventDate "29.12.2022"]

1. d4 Nf6 2. c4 b6 3. Nc3 Bb7 4. Bg5 g6 5. Nf3 Bg7 6. e3 O-O 7. Be2 d6 8. O-O h6
9. Bh4 g5 10. Bg3 Nh5 11. Nd2 Nxg3 12. hxg3 Nd7 13. Bf3 c6 14. b4 Qc8 15. Rb1 a6
16. a4 e5 17. Nde4 Qc7 18. g4 d5 19. Ng3 exd4 20. exd4 dxc4 21. Nf5 Nf6 22. b5
cxb5 23. axb5 Rad8 24. Bxb7 Qxb7 25. bxa6 Qxa6 26. Qf3 Qa8 27. d5 Rfe8 28. Rfd1
Nd7 29. Nb5 Ne5 30. Qe4 Rd7 31. Nbd6 Rxd6 32. Nxd6 Rd8 33. Nxc4 Ng6 34. Nxb6 Qb7
35. Nc4 Qa6 36. Ne3 Nf4 37. d6 Ne2+ 38. Kh1 Nc3 39. Qe7 Qa8 40. Ra1 Qb8 41. Nf5
Nxd1 42. Rxd1 Bf8 43. Qf6 Qb3 44. Nxh6+ Kh7 45. Qxf7+ Qxf7 46. Nxf7 Rd7 47.
Nxg5+ Kg6 48. Ne4 Bh6 49. g3 1-0

[Event "Mondiale Lampo FIDE 2022"]
[Site "Alma Ata"]
[Date "30.12.2022"]
[Round "16.19"]
[White "Riazantsev, Alexander"]
[Black "Mamedov, Rauf"]
[Result "1/2-1/2"]
[WhiteTitle ""]
[BlackTitle ""]
[WhiteElo "2626"]
[BlackElo "2646"]
[WhiteFideId "4125029"]
[BlackFideId "13401653"]
[EventDate "29.12.2022"]

1. d4 d5 2. Nf3 c5 3. c4 e6 4. cxd5 exd5 5. g3 Nc6 6. Bg2 Nf6 7. O-O Be7 8. dxc5
Bxc5 9. a3 Ne4 10. Nfd2 O-O 11. Nc3 Nxc3 12. bxc3 Bb6 13. Nb3 Re8 14. Nd4 Bg4
15. Ra2 Qf6 16. Be3 Rad8 17. Nxc6 bxc6 18. Bxb6 axb6 19. h3 Bh5 20. Qe1 b5 21.
e3 Ra8 22. Qd2 Ra4 23. Re1 Bg6 24. Bf1 Rea8 25. Qb2 h5 26. h4 Be4 27. Bg2 Bd3
28. Rd1 Bc4 29. Raa1 Qe7 30. Qc2 Rxa3 31. Rxa3 Rxa3 32. Qf5 g6 33. Qc8+ Kg7 34.
Qxc6 Rxc3 35. Bxd5 Qe5 36. Bxc4 Rxc4 37. Qd5 Qb2 38. Rd2 Qb1+ 39. Kg2 Qe4+ 1/2-1/2

[Event "Mondiale Lampo FIDE 2022"]
[Site "Alma Ata"]
[Date "30.12.2022"]
[Round "16.20"]
[White "Paravyan, David"]
[Black "Bluebaum, Matthias"]
[Result "0-1"]
[WhiteTitle ""]
[BlackTitle ""]
[WhiteElo "2586"]
[BlackElo "2657"]
[WhiteFideId "4194985"]
[BlackFideId "24651516"]
[EventDate "29.12.2022"]

1. e4 e6 2. d4 d5 3. Nc3 Nf6 4. Bg5 dxe4 5. Nxe4 Be7 6. Nxf6+ Bxf6 7. Bxf6 Qxf6
8. c3 O-O 9. Qf3 Qxf3 10. Nxf3 b6 11. g3 Bb7 12. Bg2 Nd7 13. Nh4 Bxg2 14. Nxg2
c5 15. O-O-O cxd4 16. Rxd4 Nf6 17. Rhd1 Rfc8 18. Ne3 b5 19. g4 g5 20. h4 h6 21.
hxg5 hxg5 22. f4 gxf4 23. Rxf4 Nh7 24. a4 a6 25. g5 bxa4 26. g6 fxg6 27. Rxa4
Nf8 28. Ra5 Rc6 29. Kc2 Kg7 30. Ng4 Rb6 31. Rc5 Ra7 32. Rc8 Nd7 33. Rh1 Rb8 34.
Rc6 Rb6 35. Rc8 Rb8 36. Rc4 a5 37. Nf2 g5 38. Rg1 Rb5 39. Rcg4 Kh6 40. Ne4 Rab7
41. Rb1 R7b6 42. Nd2 Nf6 43. Rg3 Kg6 44. Nc4 Rc6 45. Ne3 a4 46. Rg2 Rbc5 47. Nd1
Nd5 48. Rg3 Kf5 49. Ne3+ Kf4 50. Nf1 a3 51. bxa3 Rxc3+ 52. Rxc3 Rxc3+ 53. Kb2 g4
54. Re1 Rc6 55. Nd2 g3 56. Re4+ Kf5 57. Re1 Nf4 58. Kb3 g2 59. Nf3 Rd6 60. Kc4
Kg4 61. Nd4 e5 62. Nc2 Kf3 63. Ne3 g1=Q 64. Rxg1 Kxe3 65. a4 e4 66. a5 Kf2 67.
Ra1 e3 68. a6 Rd8 69. a7 Nd5 70. a8=Q Rxa8 71. Rh1 e2 72. Kd4 0-1

[Event "Mondiale Lampo FIDE 2022"]
[Site "Alma Ata"]
[Date "30.12.2022"]
[Round "16.21"]
[White "Yoo, Christopher Woojin"]
[Black "Salem, A.R. Saleh"]
[Result "0-1"]
[WhiteTitle ""]
[BlackTitle ""]
[WhiteElo "2575"]
[BlackElo "2677"]
[WhiteFideId "30909694"]
[BlackFideId "9301348"]
[EventDate "29.12.2022"]

1. e4 e5 2. Nf3 Nc6 3. Bb5 a6 4. Ba4 Nf6 5. d4 exd4 6. O-O Be7 7. e5 Ne4 8. Nxd4
O-O 9. Re1 Nc5 10. Bxc6 dxc6 11. Nc3 Re8 12. Be3 Bf8 13. f4 f6 14. Qh5 g6 15.
Qe2 fxe5 16. fxe5 Ne6 17. Rad1 Nxd4 18. Bxd4 Bf5 19. Rf1 Bg7 20. g4 Be6 21. Ne4
Qh4 22. Rf4 Rad8 23. Bf2 Rxd1+ 24. Qxd1 Qd8 25. Qxd8 Rxd8 26. Nf6+ Bxf6 27. exf6
Rd1+ 28. Kg2 Rd2 29. Rb4 b6 30. c3 c5 31. Ra4 a5 32. b4 Bd7 33. Ra3 a4 34. bxc5
bxc5 35. Kg3 c4 36. h4 Kf7 37. Bd4 c5 38. Be5 Ke6 39. Kf4 Re2 40. Bc7 Kxf6 41.
Bd6 Ke6 42. Bxc5 Kd5 43. Be3 h6 44. h5 g5+ 45. Kf3 Re1 46. Bd4 Rf1+ 47. Ke2 Rf7
48. Ke3 Re7+ 49. Kf3 Rh7 50. Kg3 Rf7 51. Be3 Ke4 52. Bd4 Kd3 53. Bc5 Rf4 54. Bd6
Rxg4+ 55. Kf3 Rh4 56. Bf8 Rf4+ 0-1

[Event "Mondiale Lampo FIDE 2022"]
[Site "Alma Ata"]
[Date "30.12.2022"]
[Round "16.22"]
[White "Le, Tuan Minh"]
[Black "Adhiban, Baskaran"]
[Result "1-0"]
[WhiteTitle ""]
[BlackTitle ""]
[WhiteElo "2542"]
[BlackElo "2611"]
[WhiteFideId "12401153"]
[BlackFideId "5018471"]
[EventDate "29.12.2022"]

1. d4 f5 2. e4 fxe4 3. Nc3 Nf6 4. Bg5 Nc6 5. d5 Ne5 6. Qd4 Nf7 7. Bxf6 gxf6 8.
Qxe4 c6 9. O-O-O Qb6 10. Nf3 Qxf2 11. Kb1 Nd6 12. Qg4 c5 13. Bd3 Qe3 14. Rhe1
Qh6 15. Nb5 Nxb5 16. Bxb5 a6 17. Bd3 b5 18. Bf5 Kd8 19. d6 exd6 20. Nd2 d5 21.
Nb3 d4 22. Nxd4 cxd4 23. Qxd4 Rb8 24. Bxd7 Qg7 25. Re8+ Kc7 26. Qa7+ 1-0

[Event "Mondiale Lampo FIDE 2022"]
[Site "Alma Ata"]
[Date "30.12.2022"]
[Round "16.23"]
[White "Sargsyan, Shant"]
[Black "Van Foreest, Jorden"]
[Result "1-0"]
[WhiteTitle ""]
[BlackTitle ""]
[WhiteElo "2645"]
[BlackElo "2690"]
[WhiteFideId "13306766"]
[BlackFideId "1039784"]
[EventDate "29.12.2022"]

1. d4 Nf6 2. c4 g6 3. Nc3 Bg7 4. e4 d6 5. Be2 O-O 6. Be3 Nc6 7. Nf3 Ng4 8. Bg5
h6 9. Bh4 Nf6 10. d5 Nb4 11. Nd4 c5 12. Nc2 e6 13. O-O exd5 14. cxd5 Re8 15. a3
Nxc2 16. Qxc2 a6 17. a4 g5 18. Bg3 Bg4 19. Rae1 Bxe2 20. Rxe2 Nh5 21. Nd1 Qe7
22. Rfe1 b5 23. f3 Nf4 24. Rd2 bxa4 25. Ne3 Bd4 26. Kh1 Bxe3 27. Rxe3 Qe5 28.
Qxa4 Reb8 29. Rb3 h5 30. h3 h4 31. Bh2 Kg7 32. Rxb8 Rxb8 33. Qxa6 Rxb2 34. Rxb2
Qxb2 35. Bxf4 gxf4 36. Qxd6 c4 37. Qxf4 c3 38. Qg5+ Kh7 39. Qxh4+ Kg6 40. Qg4+
Kf6 41. Qf5+ Ke7 42. Qe5+ Kd7 43. d6 c2 44. Qxb2 1-0

[Event "Mondiale Lampo FIDE 2022"]
[Site "Alma Ata"]
[Date "30.12.2022"]
[Round "16.24"]
[White "Asadli, Vugar"]
[Black "Tsydypov, Zhamsaran"]
[Result "0-1"]
[WhiteTitle ""]
[BlackTitle ""]
[WhiteElo "2567"]
[BlackElo "2534"]
[WhiteFideId "13405764"]
[BlackFideId "4108566"]
[EventDate "29.12.2022"]

1. e4 c5 2. Nf3 d6 3. d4 cxd4 4. Nxd4 Nf6 5. Nc3 a6 6. Bg5 Nbd7 7. Bc4 Qa5 8.
Qd2 h6 9. Bh4 g6 10. O-O-O Bg7 11. Rhe1 O-O 12. f4 e5 13. Nf3 exf4 14. Qxd6 g5
15. Bf2 Ng4 16. Bd4 Nde5 17. Bb3 Nc6 18. Bxg7 Kxg7 19. Qd5 Ne3 20. Qxa5 Nxa5 21.
Rd2 Nxb3+ 22. axb3 Re8 23. h4 g4 24. Nd4 g3 25. Nce2 Nxg2 26. Rg1 Bh3 27. Nf5+
Kf8 28. Nd6 Re6 29. Nxb7 Rxe4 30. Nc5 Re3 31. Nd4 f3 32. Nd3 Rae8 33. b4 Nxh4
34. Rxg3 f2 35. Rxf2 Rxg3 36. Nf4 Bg4 37. c4 Re4 38. Nde2 Rxc4+ 39. Kd2 Bxe2 40.
Nxe2 Rb3 41. Rf6 Nf3+ 42. Kd1 Rd3# 0-1

[Event "Mondiale Lampo FIDE 2022"]
[Site "Alma Ata"]
[Date "30.12.2022"]
[Round "16.25"]
[White "Niemann, Hans Moke"]
[Black "Quparadze, Giga"]
[Result "0-1"]
[WhiteTitle ""]
[BlackTitle ""]
[WhiteElo "2698"]
[BlackElo "2470"]
[WhiteFideId "2093596"]
[BlackFideId "13602250"]
[EventDate "29.12.2022"]

1. d4 Nf6 2. c4 e6 3. Nf3 Bb4+ 4. Nbd2 b6 5. a3 Bxd2+ 6. Bxd2 Bb7 7. g3 O-O 8.
Bg2 d6 9. O-O Nbd7 10. Rc1 a5 11. Qc2 Be4 12. Qc3 Qe7 13. Rfe1 c5 14. b4 axb4
15. axb4 h6 16. Ra1 Rfc8 17. dxc5 dxc5 18. b5 e5 19. Bh3 Rd8 20. Rxa8 Rxa8 21.
Ra1 Rxa1+ 22. Qxa1 Qd6 23. Bc3 Bxf3 24. exf3 Qd3 25. Bxe5 Qxc4 26. Qa8+ Nf8 27.
Bd6 Nh7 28. Qe8 Qd4 29. Qc6 c4 30. f4 c3 31. Bf5 g6 32. Bc2 Qd2 33. Bb3 Nf6 34.
Bxf8 Qd4 35. Qc7 Nd5 36. Bxd5 Qd1+ 37. Kg2 Qxd5+ 38. Kh3 Qh5+ 39. Kg2 Qd5+ 40.
Kh3 Kxf8 41. Qxc3 Qxb5 42. g4 Kg8 43. Qc8+ Kh7 44. Qc7 Qb3+ 45. Kg2 b5 46. Qe5
b4 47. f5 Qc4 48. fxg6+ Kxg6 49. Qf5+ Kg7 50. Qe5+ Kg8 51. g5 Qc6+ 52. f3 hxg5
53. Kf2 Qc2+ 54. Kg3 Qd2 55. Qe8+ Kg7 56. Qe5+ Kg6 57. Qe4+ Kh6 58. Qe8 Qf4+ 59.
Kg2 Kg7 60. Qb5 Qd2+ 61. Kg3 Qd6+ 62. Kg2 Kg6 63. Qc4 Qd2+ 64. Kg1 Qf4 65. Qc6+
Kg7 66. Qb7 Qc4 67. Qe7 Qd4+ 68. Kg2 Qd2+ 69. Kh3 b3 70. Qe5+ Kg8 71. Qb8+ Kg7
72. Qxb3 Qf2 73. Qc3+ f6 74. Qc7+ Kg6 75. Qc6 Qf1+ 76. Kg3 Qg1+ 77. Kh3 Qf1+ 78.
Kg3 Qe1+ 79. Kg2 Qe2+ 80. Kg3 Qe5+ 81. Kg2 Kg7 82. Qb7+ Kg6 83. Qc8 Qe2+ 84. Kg3
Qe1+ 85. Kg2 Qe2+ 86. Kg3 Qe5+ 87. Kg2 Kg7 88. Qd7+ Kh6 89. Qc8 f5 90. Qc6+ Kh5
91. Qc2 Kh4 92. Qf2+ Kh5 93. Qa2 Qe7 94. Qc2 Qd7 95. Qb2 Kg6 96. Qb6+ Kh5 97.
Qb2 Qd8 98. Qc2 Qd5 99. Qb2 g4 100. Qh8+ Kg6 101. Qe8+ Kh6 102. Qe3+ Kg7 103.
Kg3 Qd6+ 104. f4 Qc6 105. Qe7+ Kg6 106. Qg5+ Kf7 107. Qxf5+ Kg7 108. Qxg4+ Kf7
109. Qf5+ Kg7 110. h4 Qc3+ 111. Kg4 Qc1 112. Qe5+ Kf7 113. Kg5 Qg1+ 0-1

[Event "Mondiale Lampo FIDE 2022"]
[Site "Alma Ata"]
[Date "30.12.2022"]
[Round "16.26"]
[White "Ghasi, Ameet K"]
[Black "Petrosian, Tigran L."]
[Result "0-1"]
[WhiteTitle ""]
[BlackTitle ""]
[WhiteElo "2471"]
[BlackElo "2551"]
[WhiteFideId "409200"]
[BlackFideId "13301616"]
[EventDate "29.12.2022"]

1. Nf3 d6 2. g3 e5 3. Bg2 Be7 4. O-O Nf6 5. c4 O-O 6. Nc3 c6 7. b3 Bf5 8. Bb2 h6
9. d3 Nbd7 10. Nd2 a5 11. a3 Be6 12. Nde4 Nxe4 13. dxe4 Nc5 14. Rb1 a4 15. b4
Nb3 16. Qd3 Qb6 17. Nxa4 Rxa4 18. Qxb3 Qa6 19. Rfc1 Qa8 20. Qd3 Qc8 21. Rc3 c5
22. b5 Qc7 23. Qc2 Rfa8 24. Rd1 b6 25. Bf3 g6 26. Bc1 Bf8 27. h4 h5 28. Qd3 f6
29. Bg2 Qf7 30. f4 Bxc4 31. Qf3 Bxb5 32. f5 Rd4 33. Rf1 Bd7 34. Be3 Rda4 35.
fxg6 Qxg6 36. Bc1 Be7 37. Qd3 Be6 38. Qb5 Qe8 39. Qd3 Rd4 40. Qe3 Qg6 41. Qf2
Kh7 42. Be3 Rda4 43. Bc1 b5 44. Rd3 Rd4 45. Rc3 Rg8 46. Kh2 Rc4 47. Rd3 Ra8 48.
Bd2 Raa4 49. Rb1 Bd7 50. Rdb3 Rxe4 51. Bxe4 Qxe4 52. Qf3 Qxf3 53. Rxf3 Kg6 54.
Kg1 d5 55. Rfb3 c4 56. Rxb5 Bxb5 57. Rxb5 d4 58. Rb7 0-1

[Event "Mondiale Lampo FIDE 2022"]
[Site "Alma Ata"]
[Date "30.12.2022"]
[Round "16.27"]
[White "Murzin, Volodar"]
[Black "Andriasian, Zaven"]
[Result "0-1"]
[WhiteTitle ""]
[BlackTitle ""]
[WhiteElo "2561"]
[BlackElo "2580"]
[WhiteFideId "44155573"]
[BlackFideId "13302000"]
[EventDate "29.12.2022"]

1. e4 c5 2. Nf3 d6 3. Bb5+ Nc6 4. O-O Bd7 5. Re1 Nf6 6. c3 a6 7. Bf1 Bg4 8. h3
Bxf3 9. Qxf3 e6 10. d3 Be7 11. Be3 d5 12. Nd2 O-O 13. a4 Rc8 14. Bf4 b5 15. axb5
axb5 16. Ra6 Qd7 17. Rea1 Rfd8 18. Qe2 dxe4 19. dxe4 c4 20. Be3 Ne5 21. Ra7 Qe8
22. Nf3 Nd3 23. Bd4 Bc5 24. R7a5 e5 25. Bxc5 Nxc5 26. Re1 Nfxe4 27. Qe3 h6 0-1

[Event "Mondiale Lampo FIDE 2022"]
[Site "Alma Ata"]
[Date "30.12.2022"]
[Round "16.28"]
[White "Cheparinov, Ivan"]
[Black "Tang, Andrew"]
[Result "1-0"]
[WhiteTitle ""]
[BlackTitle ""]
[WhiteElo "2688"]
[BlackElo "2540"]
[WhiteFideId "2905540"]
[BlackFideId "2059630"]
[EventDate "29.12.2022"]

1. d4 d5 2. c4 e6 3. Nf3 Nf6 4. g3 dxc4 5. Bg2 Nc6 6. Qa4 Bd7 7. Qxc4 Na5 8. Qd3
c5 9. Nc3 Bc6 10. O-O Be7 11. Rd1 O-O 12. e4 Qb6 13. Qe2 Rfd8 14. d5 exd5 15.
exd5 Bxd5 16. Qxe7 Bxf3 17. Rxd8+ Rxd8 18. Be3 Nc6 19. Qxc5 Qxc5 20. Bxc5 Bxg2
21. Kxg2 Rd2 22. Rb1 h5 23. Be3 Rc2 24. h3 b6 25. a4 Nd7 26. Nb5 Nde5 27. b3 Nd3
28. Rd1 Nc5 29. Bxc5 Rxc5 30. Rd7 a6 31. Nd4 Ne5 32. Rb7 Rd5 33. Nf5 Rd2 34.
Rxb6 g6 35. Ne7+ Kf8 36. Nc6 Nd3 37. Rxa6 Rxf2+ 38. Kg1 Rf3 39. Rb6 Rxg3+ 40.
Kf1 Nc5 41. a5 Nxb3 42. a6 Nd2+ 43. Ke2 Nc4 44. Rb8+ Kg7 45. a7 Ra3 46. a8=Q
Rxa8 47. Rxa8 Nb6 48. Ra7 Nd5 49. Ne5 Kf6 50. Nxf7 Nf4+ 51. Kf3 Nxh3 52. Kg3 Ng1
53. Nd6 Ne2+ 54. Kf2 Nd4 55. Ne4+ Kf5 56. Ng3+ Ke5 57. Ne2 Ne6 58. Ra5+ Kf6 59.
Ra6 Ke5 60. Ng3 h4 61. Nf1 g5 62. Ne3 Nf4 63. Ra5+ Ke4 64. Ng4 Nd3+ 65. Kg2 Kf4
66. Kh3 Ne1 67. Ra4+ Kf5 68. Ne3+ Ke5 69. Kg4 Nd3 70. Kxg5 h3 71. Rh4 1-0

[Event "Mondiale Lampo FIDE 2022"]
[Site "Alma Ata"]
[Date "30.12.2022"]
[Round "16.29"]
[White "Esipenko, Andrey"]
[Black "Yakubboev, Nodirbek"]
[Result "1-0"]
[WhiteTitle ""]
[BlackTitle ""]
[WhiteElo "2678"]
[BlackElo "2647"]
[WhiteFideId "24175439"]
[BlackFideId "14203987"]
[EventDate "29.12.2022"]

1. e4 e5 2. Nf3 Nc6 3. Bc4 Nf6 4. d3 d5 5. exd5 Nxd5 6. O-O Be7 7. Re1 f6 8. d4
Nb6 9. Bb3 Nxd4 10. Nxd4 Qxd4 11. Qxd4 exd4 12. Bf4 Bf5 13. Nd2 Kd7 14. Bxc7 Bc5
15. Bg3 a5 16. Ne4 Bxe4 17. Rxe4 Rhe8 18. Rae1 Rxe4 19. Rxe4 Re8 20. Rxe8 Kxe8
21. a4 Kd7 22. Bf4 Kc6 23. Kf1 Nd7 24. Ke2 Bd6 25. Bd2 b6 26. Bg8 h6 27. h4 Nc5
28. b3 g5 29. g3 Ne4 30. Be1 Be5 31. Kd3 Nc5+ 32. Kc4 Na6 33. Bd5+ Kd6 34. Be4
Nc5 35. Bf5 Kc6 36. Bd2 Na6 37. Be4+ Kc7 38. Kd5 Nc5 39. Bf5 Na6 40. hxg5 hxg5
41. f4 gxf4 42. gxf4 Bd6 43. Kxd4 Nb4 44. Kc4 Bc5 45. c3 Nc6 46. Kd5 Nd8 47. Bd3
Bd6 48. Bb5 Nb7 49. b4 axb4 50. cxb4 Nd8 51. a5 bxa5 52. bxa5 Bf8 53. Be3 Nb7
54. Bb6+ Kb8 55. a6 Nd6 56. a7+ Ka8 57. Bc6+ Nb7 58. Ke6 f5 59. Kd7 Bh6 60. Kc8 1-0